Path integral methods in quantum field theory
שמור ב:
| מחבר ראשי: | |
|---|---|
| פורמט: | ספר |
| שפה: | אנגלית |
| יצא לאור: |
Cambridge
Cambridge University
1988
|
| מהדורה: | 1a. ed |
| נושאים: | |
| תגים: |
הוספת תג
אין תגיות, היה/י הראשונ/ה לתייג את הרשומה!
|
MARC
| LEADER | 00000nam a2200000 a 4500 | ||
|---|---|---|---|
| 001 | UCK4813 | ||
| 003 | CL-VaPUC | ||
| 008 | 050624e19880000uk |||||||||||||||||eng|d | ||
| 020 | |a 0521368707 | ||
| 082 | 0 | 4 | |a 530.143 |b RIV |2 21 |
| 100 | 0 | |a Rivers, R. J |e author |9 493433 | |
| 245 | 1 | 0 | |a Path integral methods in quantum field theory |
| 250 | |a 1a. ed | ||
| 300 | |a 339 p | ||
| 942 | |c BK | ||
| 945 | |d 20050624 00:00:00 |a cmena | ||
| 260 | |a Cambridge |b Cambridge University |c 1988 | ||
| 650 | 0 | |a Teoría cuántica |9 266148 | |
| 650 | 0 | |a Integrales |9 260233 | |
| 650 | 0 | |a Física matemática |9 260981 | |
| 650 | 0 | |a Funciones (Matemáticas) |9 338128 | |
| 583 | |a last modification |c 20130806 05:04:58 |k Rodrigo Vera | ||
| 999 | |c 313557 |d 313555 | ||
| 952 | |0 0 |1 0 |4 0 |6 530_143000000000000_RIV_1988 |7 0 |8 A |9 384970 |a BIBCUR |b BIBCUR |d 2019-11-22 |i 4140486 |o 530.143 RIV 1988 |p 4140486 |r 2025-04-22 |w 2019-11-22 |y BK |k FIS | ||